000 00314nam a22001097a 4500
008 230704b xxu||||| |||| 00| 0 eng d
082 _a341
_bICJ
245 _aThe International Bill of Human Rights Handbook
260 _bKenyan Section of the International Commission of Jurists
300 _a46p
942 _2ddc
_cBK
999 _c3938
_d3938